| 000 | 00704nam a2200241 4500 | ||
|---|---|---|---|
| 005 | 20170315104802.0 | ||
| 008 | 170315b xxu||||| |||| 00| 0 spa d | ||
| 020 | _a978849090085 | ||
| 041 | _aspa | ||
| 082 | _a371.782 C683a | ||
| 100 |
_aColás Esacandón, Ana María _941199 |
||
| 245 | _aAcoso y ciberacoso escolar: la doble responsabilidad civil y penal | ||
| 260 |
_aEspaña _bBosch _c2015 |
||
| 300 | _a464 páginas | ||
| 650 |
_aACOSO ESCOLAR _95140 |
||
| 650 |
_aBULLYING _97063 |
||
| 650 |
_aPREVENCIÓN DEL ACOSO _941200 |
||
| 650 |
_aCÓDIGO PENAL _911745 |
||
| 650 |
_aMEDIDAS CAUTELARES _95021 |
||
| 650 |
_aCENTROS EDUCATIVOS _941201 |
||
| 650 |
_aCÓDIGO CIVIL _941202 |
||
| 942 | _cBK | ||
| 999 |
_c7271 _d7271 |
||